Svezia inferno e paradiso /

Guardat en:
Dades bibliogràfiques
Autor principal: Altavilla, Enrico, (1883-1968) (Autor)
Format: Llibre
Idioma:italià
Publicat: Milano : Rizzoli, 1967
Edició:3. ed
Col·lecció:Storia, politica e sociologia
Matèries:
Etiquetes: Afegir etiqueta
Sense etiquetes, Sigues el primer a etiquetar aquest registre!

MARC

LEADER 00000nam a22000007i 4500
001 IT\ICCU\UBO\0110212
003 ItRI
005 20260115232246.0
008 931027s1967 it |||||| ||||| |||||c
040 |b ita  |c importazione bologna sebina 
041 7 |a ita  |2 ISO-639-2 
100 1 |a Altavilla, Enrico,  |d  (1883-1968)  |0 IT\ICCU\RAVV\012654  |4 aut 
245 1 0 |a Svezia inferno e paradiso /  |c Enrico Altavilla. 
250 |a 3. ed 
260 |a Milano :  |b Rizzoli,  |c 1967 
300 |a 219 p. ;  |c 23 cm 
650 7 |a Svezia  |2 scbi 
830 0 |a Storia, politica e sociologia  |0 IT\ICCU\UPG\0010267 
942 |2 ddc  |c BK  |n 0 
952 |0 0  |1 0  |4 0  |6 DOC_948_500000000000000_ALT  |7 0  |9 23140  |a BO  |b BO  |d 2026-01-15  |i 2612  |l 0  |o DOC 948.5 ALT  |p BO2612  |r 2026-01-15 23:22:46  |w 2026-01-15  |x [Sebina 5] [1 v.]  |y BK  |z 1 v. 
999 |c 19733  |d 19733